Score 0/20 Timer 03:00
1 Play Today
% Correct
Day
95.9%
Side
95.6%
Gone
91.7%
Forever
90.5%
Being
87.6%
Northwest
87%
Eden
81.7%
Ace
78.9%
Elephants
69.9%
Blart
69.3%
% Correct
Legends
56.8%
Song
56.1%
Bone
34.9%
Madness
33.4%
Queen
24.9%
Reign
22.2%
Sam
20.6%
Atlantis
19.1%
Breakers
17.1%
Return
3.6%

Today's Daily Dose

Remove Ads.
Support Sporcle.
Get the best of Sporcle when you Go Orange. This ad-free experience offers more features, more stats, and more fun while also helping to support Sporcle. Thank you for becoming a member.

You're not logged in!

Compare scores with friends on all Sporcle quizzes.
OR
Log In

Show Comments

Extras

Top Quizzes Today


Score Distribution

Your Account Isn't Verified!

In order to create a playlist on Sporcle, you need to verify the email address you used during registration. Go to your Sporcle Settings to finish the process.

Report this User

Report this user for behavior that violates our Community Guidelines.

Details: